|
|
|
|
| LEADER |
00000cam a2200000 a 4500 |
| 001 |
vtls008332922 |
| 003 |
SK-MaSNL |
| 005 |
20260302084950.0 |
| 008 |
231120s1970 xo oda e np 000 0 slo |
| 015 |
|
|
|a SNBA1970/07-01452
|
| 035 |
|
|
|a SK01SNK19700025139
|
| 035 |
|
|
|a urn:nbn:sk:snk-am3hb3y
|
| 035 |
|
|
|a CA17812F-5114-4924-B20F-97180369EDFD
|
| 035 |
|
|
|a urn:nbn:sk:snk-am008x67
|
| 035 |
|
|
|a SKM000027602
|
| 040 |
|
|
|a SNK
|b slo
|c SNK
|e AACR2
|
| 041 |
0 |
|
|a slo
|
| 044 |
|
|
|a xo
|c SK
|
| 080 |
|
|
|a 681.3(075.8)
|2 1981
|
| 100 |
1 |
|
|a Neuschl, Štefan,
|d 1932-2006
|4 aut
|9 210934
|
| 245 |
1 |
0 |
|a Samočinné počítače 2
|b použitie počítačov pre modelovanie : informácie v čílicovom počítači : riešenie vedecko- technických úloh na číslicovom počítači
|c Štefan Neuschl
|
| 260 |
|
|
|a Bratislava
|b Slovenská vysoká škola technická
|c 1970
|
| 300 |
|
|
|a 234, [1] s.
|b fotogr., grafy, sch., tab.
|c 4°
|
| 366 |
|
|
|e 100 výt.
|
| 504 |
|
|
|a Bibliogr. odkazy ; bibliogr. pozn.
|
| 650 |
0 |
7 |
|a počítače
|2 SNKPH
|9 2027
|
| 655 |
|
7 |
|a učebnice vysokých škôl
|2 SNKPH
|9 70191
|
| 852 |
|
|
|a Slovenská národná knižnica
|
| 954 |
|
|
|a odborná, vedecká literatúra pôvodná (slovenská)
|2 lita
|
| 958 |
|
|
|a OND
|
| 958 |
|
|
|a RM
|
| 958 |
|
|
|a UV
|
| 958 |
|
|
|a NB
|
| 958 |
|
|
|a RK
|
| 958 |
|
|
|a EUIPO
|
| 999 |
|
|
|c 1190021
|d 1191951
|
| 952 |
|
|
|a SNK
|b SNK
|y PREZ
|7 0
|p 17A0808473
|o snkSB 16160/2
|i snkKSP 5419/70
|0 0
|1 0
|4 0
|d 2015-01-20
|f 1
|l 0
|r 2026-02-24 22:08:45
|w 2026-02-24
|
| 952 |
|
|
|a SNK
|b SNK
|y VYP
|7 0
|o snkSB 16160/2 D1
|i snkKSP 5420/70
|0 0
|1 0
|4 0
|d 2015-01-20
|l 0
|r 2026-02-24 22:08:45
|w 2026-02-24
|